Normal view
MARC view
- Conrad, Lucie
Entry Nom personal
001 - NÚMERO DE CONTROL
- campo de control: 167095
003 - IDENTIFICADOR DEL NÚMERO DE CONTROL
- campo de control: ES-BaIT
005 - FECHA Y HORA DE LA ÚLTIMA TRANSACCIÓN
- campo de control: 20250917101953.0
008 - DATOS DE LONGITUD FIJA
- campo de control de longitud fija: 250917|| aca||aabn | a|a d
040 ## - FUENTE DE LA CATALOGACIÓN
- Centro catalogador/agencia de origen: ES-BaIT
100 1# - ENCABEZAMIENTO-NOMBRE DE PERSONA
- Nombre de persona: Conrad, Lucie


